| 000 | 00432nam a22001697a 4500 | ||
|---|---|---|---|
| 003 | NUST - PNEC | ||
| 005 | 20170116180848.0 | ||
| 008 | 150824b xxu||||| |||| 00| 0 eng d | ||
| 020 | _a0471517844 | ||
| 040 | _cLIBRARY | ||
| 082 | _a540 BRA | ||
| 100 |
_95589 _a Brady, James E |
||
| 245 |
_aGeneral chemistry : principles and structure _cJames E, Brady |
||
| 260 | _cc 1975 | ||
| 650 |
_95590 _aChemistry _xME |
||
| 942 |
_2ddc _cBK |
||
| 999 |
_c64543 _d64543 |
||